LEADER 01136nam0-22003611i-450- 001 990003782490403321 005 20001010 010 $a2-603-00970-2 035 $a000378249 035 $aFED01000378249 035 $a(Aleph)000378249FED01 035 $a000378249 100 $a20001010d--------km-y0itay50------ba 101 0 $aita 105 $ay-------001yy 200 1 $aPerspectives cognitives et conduites sociales I, II, III$emorceaux choisis$fJean-Léon Beauvois, Robert-Vincent Joule,Jean-Marc Monteil 210 $aNeuchâtel ; Paris$cDelachaux et Niestlé$dc1994 215 $a240 p.$c21 cm 225 1 $aActualités en sciences sociales 610 0 $aPSICOLOGIA SOCIALE$aTeoria 610 0 $aPSICOLOGIA SOCIALE$aStudi 676 $a302.01 700 1$aBeauvois,$bJean-Léon$0382038 702 1$aJoule,$bRobert-Vincent 702 1$aMonteil$bjean-Marc 801 0$aIT$bUNINA$gRICA$2UNIMARC 901 $aBK 912 $a990003782490403321 952 $a302.01 BEA 1$b5157$fBFS 959 $aBFS 996 $aPerspectives cognitives et conduites sociales I, II, III$9509908 997 $aUNINA DB $aING01